|
|
|
|
| LEADER |
00000nam0a2200000 4500 |
| 001 |
84470 |
| 005 |
20231031100622.0 |
| 010 |
|
|
|a 5935563908
|b (в пер.)
|b 6000 экз.
|
| 021 |
|
|
|a RU
|b 04-40605
|9 04-2015
|
| 035 |
|
|
|a (RuTPU)RU\TPU\book\90794
|
| 090 |
|
|
|a 84470
|
| 100 |
|
|
|a 20051101d2004 m y0rusy5002 ca
|
| 101 |
0 |
|
|a rus
|
| 102 |
|
|
|a RU
|
| 105 |
|
|
|a y z 000ay
|
| 200 |
1 |
|
|a Повелитель теней
|e роман
|f Петр Верещагин
|g [худож. О. Бабкин]
|
| 210 |
|
|
|a Москва
|c Армада
|c Альфа-книга
|d 2004
|
| 215 |
|
|
|a 503, [2] с.
|d 21 см.
|
| 225 |
1 |
|
|a Магия фэнтези
|
| 610 |
1 |
|
|a фантастические романы
|
| 610 |
1 |
|
|a русская литература
|
| 675 |
|
|
|a Р2
|v 3
|z rus
|
| 700 |
|
1 |
|a Верещагин
|b П.
|g Петр
|4 070
|
| 702 |
|
1 |
|a Бабкин
|b О.
|4 440
|
| 801 |
|
0 |
|a RU
|b RKP
|c 20040810
|g PSBO
|
| 801 |
|
1 |
|a RU
|b 63413507
|c 20051101
|g PSBO
|
| 801 |
|
2 |
|a RU
|b 63413507
|c 20051107
|g PSBO
|
| 942 |
|
|
|c BK
|